<?xml version="1.0" encoding="UTF-8"?>
<record
    xmlns:xsi="http://www.w3.org/2001/XMLSchema-instance"
    xsi:schemaLocation="http://www.loc.gov/MARC21/slim http://www.loc.gov/standards/marcxml/schema/MARC21slim.xsd"
    xmlns="http://www.loc.gov/MARC21/slim">

  <leader>00548nam a2200217Ia 4500</leader>
  <controlfield tag="005">20251122105544.0</controlfield>
  <controlfield tag="008">230125s9999    xx            000 0 und d</controlfield>
  <datafield tag="020" ind1=" " ind2=" ">
    <subfield code="a">9788175544703</subfield>
  </datafield>
  <datafield tag="041" ind1=" " ind2=" ">
    <subfield code="a">eng</subfield>
  </datafield>
  <datafield tag="082" ind1=" " ind2=" ">
    <subfield code="a">158.1</subfield>
    <subfield code="b">WIL</subfield>
  </datafield>
  <datafield tag="100" ind1=" " ind2=" ">
    <subfield code="a">Williams L</subfield>
    <subfield code="9">215493</subfield>
  </datafield>
  <datafield tag="245" ind1=" " ind2=" ">
    <subfield code="a">Ultimate Job Search</subfield>
  </datafield>
  <datafield tag="250" ind1=" " ind2=" ">
    <subfield code="a">2nd Ed.</subfield>
  </datafield>
  <datafield tag="260" ind1=" " ind2=" ">
    <subfield code="c">2009</subfield>
    <subfield code="b">Kogan Page</subfield>
    <subfield code="a">New Delhi</subfield>
  </datafield>
  <datafield tag="300" ind1=" " ind2=" ">
    <subfield code="a">230p</subfield>
  </datafield>
  <datafield tag="500" ind1=" " ind2=" ">
    <subfield code="a">Personality Development
</subfield>
  </datafield>
  <datafield tag="650" ind1=" " ind2=" ">
    <subfield code="a">Personality Development;Job Search</subfield>
    <subfield code="9">215494</subfield>
  </datafield>
  <datafield tag="700" ind1=" " ind2=" ">
    <subfield code="a">Williams L</subfield>
    <subfield code="9">215493</subfield>
  </datafield>
  <datafield tag="906" ind1=" " ind2=" ">
    <subfield code="b">63</subfield>
  </datafield>
  <datafield tag="942" ind1=" " ind2=" ">
    <subfield code="c">BK</subfield>
  </datafield>
  <datafield tag="999" ind1=" " ind2=" ">
    <subfield code="c">96406</subfield>
    <subfield code="d">96406</subfield>
  </datafield>
  <datafield tag="952" ind1=" " ind2=" ">
    <subfield code="0">0</subfield>
    <subfield code="1">0</subfield>
    <subfield code="4">0</subfield>
    <subfield code="7">0</subfield>
    <subfield code="a">HIMR</subfield>
    <subfield code="b">HIMR</subfield>
    <subfield code="d">2020-02-29</subfield>
    <subfield code="e">Forward Books</subfield>
    <subfield code="g">225.00</subfield>
    <subfield code="i">11222</subfield>
    <subfield code="l">0</subfield>
    <subfield code="o">158.1 WIL B20265</subfield>
    <subfield code="p">HIMR-BK-20265</subfield>
    <subfield code="r">2023-01-25 00:00:00</subfield>
    <subfield code="v">162.00</subfield>
    <subfield code="w">2023-01-25</subfield>
    <subfield code="y">BK</subfield>
    <subfield code="z">B20265</subfield>
  </datafield>
  <datafield tag="952" ind1=" " ind2=" ">
    <subfield code="0">0</subfield>
    <subfield code="1">0</subfield>
    <subfield code="4">0</subfield>
    <subfield code="7">0</subfield>
    <subfield code="a">HIMR</subfield>
    <subfield code="b">HIMR</subfield>
    <subfield code="d">2020-02-29</subfield>
    <subfield code="e">Forward Books</subfield>
    <subfield code="g">225.00</subfield>
    <subfield code="i">11222</subfield>
    <subfield code="l">0</subfield>
    <subfield code="o">158.1 WIL B20266</subfield>
    <subfield code="p">HIMR-BK-20266</subfield>
    <subfield code="r">2023-01-25 00:00:00</subfield>
    <subfield code="v">162.00</subfield>
    <subfield code="w">2023-01-25</subfield>
    <subfield code="y">BK</subfield>
    <subfield code="z">B20266</subfield>
  </datafield>
  <datafield tag="952" ind1=" " ind2=" ">
    <subfield code="0">0</subfield>
    <subfield code="1">0</subfield>
    <subfield code="4">0</subfield>
    <subfield code="7">0</subfield>
    <subfield code="a">HIMR</subfield>
    <subfield code="b">HIMR</subfield>
    <subfield code="d">2020-02-29</subfield>
    <subfield code="e">Forward Books</subfield>
    <subfield code="g">225.00</subfield>
    <subfield code="i">11222</subfield>
    <subfield code="l">0</subfield>
    <subfield code="o">158.1 WIL B20267</subfield>
    <subfield code="p">HIMR-BK-20267</subfield>
    <subfield code="r">2023-01-25 00:00:00</subfield>
    <subfield code="v">162.00</subfield>
    <subfield code="w">2023-01-25</subfield>
    <subfield code="y">BK</subfield>
    <subfield code="z">B20267</subfield>
  </datafield>
  <datafield tag="952" ind1=" " ind2=" ">
    <subfield code="0">0</subfield>
    <subfield code="1">0</subfield>
    <subfield code="4">0</subfield>
    <subfield code="7">0</subfield>
    <subfield code="a">HIMR</subfield>
    <subfield code="b">HIMR</subfield>
    <subfield code="d">2020-02-29</subfield>
    <subfield code="e">Forward Books</subfield>
    <subfield code="g">225.00</subfield>
    <subfield code="i">11222</subfield>
    <subfield code="l">2</subfield>
    <subfield code="o">158.1 WIL B20268</subfield>
    <subfield code="p">HIMR-BK-20268</subfield>
    <subfield code="r">2025-01-29 00:00:00</subfield>
    <subfield code="s">2025-01-20</subfield>
    <subfield code="v">162.00</subfield>
    <subfield code="w">2023-01-25</subfield>
    <subfield code="y">BK</subfield>
    <subfield code="z">B20268</subfield>
  </datafield>
  <datafield tag="952" ind1=" " ind2=" ">
    <subfield code="0">0</subfield>
    <subfield code="1">0</subfield>
    <subfield code="4">0</subfield>
    <subfield code="7">0</subfield>
    <subfield code="a">HIMR</subfield>
    <subfield code="b">HIMR</subfield>
    <subfield code="d">2020-02-29</subfield>
    <subfield code="e">Forward Books</subfield>
    <subfield code="g">225.00</subfield>
    <subfield code="i">11222</subfield>
    <subfield code="l">0</subfield>
    <subfield code="o">158.1 WIL B20269</subfield>
    <subfield code="p">HIMR-BK-20269</subfield>
    <subfield code="r">2023-01-25 00:00:00</subfield>
    <subfield code="v">162.00</subfield>
    <subfield code="w">2023-01-25</subfield>
    <subfield code="y">BK</subfield>
    <subfield code="z">B20269</subfield>
  </datafield>
</record>
